Artical 356 of ṭhe constitution of india; (Record no. 201720)
[ view plain ]
| 000 -LEADER | |
|---|---|
| fixed length control field | 00799nam a22002657a 4500 |
| 003 - CONTROL NUMBER IDENTIFIER | |
| control field | dpl |
| 005 - DATE AND TIME OF LATEST TRANSACTION | |
| control field | 20240322104422.0 |
| 008 - FIXED-LENGTH DATA ELEMENTS--GENERAL INFORMATION | |
| fixed length control field | 240305b |||||||| |||| 00| 0 eng d |
| 010 ## - LIBRARY OF CONGRESS CONTROL NUMBER | |
| LC control number | ENG-139895 |
| 020 ## - INTERNATIONAL STANDARD BOOK NUMBER | |
| International Standard Book Number | 9789382059066 |
| Terms of availability | 1295.00 |
| 035 ## - SYSTEM CONTROL NUMBER | |
| System control number | EN-123427 |
| 037 ## - SOURCE OF ACQUISITION | |
| Source of stock number/acquisition | DBAD/PUB |
| 040 ## - CATALOGING SOURCE | |
| Transcribing agency | . |
| 082 ## - DEWEY DECIMAL CLASSIFICATION NUMBER | |
| Classification number | 342.54 |
| 100 ## - MAIN ENTRY--PERSONAL NAME | |
| Personal name | Suryaprasad , K |
| 9 (RLIN) | 62808 |
| 245 ## - TITLE STATEMENT | |
| Title | Artical 356 of ṭhe constitution of india; |
| Remainder of title | Promise and Performance/ |
| Statement of responsibility, etc | By k. suryaprasad |
| 260 ## - PUBLICATION, DISTRIBUTION, ETC. (IMPRINT) | |
| Place of publication, distribution, etc | Daryaganj |
| Name of publisher, distributor, etc | Synergy Book India |
| Date of publication, distribution, etc | 2012 |
| 270 ## - ADDRESS | |
| Address | 24/4800 Ansari road , daryaganj |
| City | New Delhi |
| Postal code | 110002 |
| 300 ## - PHYSICAL DESCRIPTION | |
| Extent | 426.Pages |
| Dimensions | 22cm,(hbk) |
| 700 ## - ADDED ENTRY--PERSONAL NAME | |
| 9 (RLIN) | 62809 |
| 700 ## - ADDED ENTRY--PERSONAL NAME | |
| 9 (RLIN) | 62810 |
| 700 ## - ADDED ENTRY--PERSONAL NAME | |
| Personal name | Sanjeev Kumar |
| 9 (RLIN) | 62811 |
| Relator term | Author |
| 700 ## - ADDED ENTRY--PERSONAL NAME | |
| Personal name | Jagdish Saini |
| 9 (RLIN) | 62818 |
| 942 ## - ADDED ENTRY ELEMENTS (KOHA) | |
| Source of classification or shelving scheme | Dewey Decimal Classification |
| Koha item type | English Books |
| Classification part | 342.54 |
| Call number suffix | Sur |
| Withdrawn status | Lost status | Source of classification or shelving scheme | Damaged status | Not for loan | Collection code | Home library | Current library | Date acquired | Source of acquisition | Cost, normal purchase price | Total Checkouts | Full call number | Barcode | Date last seen | Copy number | Cost, replacement price | Price effective from | Koha item type |
|---|---|---|---|---|---|---|---|---|---|---|---|---|---|---|---|---|---|---|
| Dewey Decimal Classification | Non-fiction | Bawana | Bawana | 22/03/2024 | DBAD | 1295.00 | 342.54 SUR | EN-123427 | 22/03/2024 | 1 | 1295.00 | 22/03/2024 | English Books |
